000 00856nam a2200229Ia 4500
003 GCL
008 140319s9999 xx 000 0 ara d
040 _aGCL /
_cGCL
082 0 4 _a218.1
_bع ج
100 1 _aعبدالباسط محمد حسن
245 1 0 _aجمال الدين الافغانى واثره فى العالم الاسلامى الحديث /
_cعبدالباسط محمد حسن
260 _a[S.N] :
_bمكتبة وهبة ،
_c1982
300 _a301 ص
490 _a
650 0 4 _aالاسلام والاصلاح الاجتماعى
650 0 4 _aالثقافة الاسلامية
650 0 4 _aجمال الدين الافغانى
650 0 4 _aالاسلام والاصلاح الدينى
650 0 4 _aالاسلام والاصلاح السياسى
650 0 4 _aحركات الاصلاح والتجديد
942 _2ddc
_cBK
999 _c37201
_d37201